[Event "Zlatibor"]
[Site "?"]
[Date "2006.09.01"]
[Round "7"]
[White "Miladinovic Igor"]
[Black "Georgiev Kiril"]
[Result "1/2-1/2"]
[WhiteElo "2584"]
[BlackElo "2685"]
[PlyCount "102"]
[EventDate "2006.??.??"]
[Source "www.chesslib.no"]
[SourceDate "2004.05.04"]

1. d4 Nf6 2. c4 e6 3. Nc3 Bb4 4. g3 O-O 5. Bg2 d5 6. Nf3 dxc4 7. O-O Nc6 8. Qa4 Nd5 9. Qc2 Rb8 10. e4 Nxc3 11. bxc3 Be7 12. Bf4 Bd7 13. Rad1 b5 14. Rfe1 Qc8 15. Bh3 Rb6 16. d5 Nd8 17. Ne5 Be8 18. a4 Bd6 19. axb5 Bxb5 20. Bf1 Nb7 21. Nc6 Bxc6 22. dxc6 Nc5 23. e5 Be7 24. Bxc4 Rxc6 25. Qa2 a6 26. Bf1 Rd8 27. Qc4 Rb6 28. Be3 Rxd1 29. Rxd1 Rb5 30. Qa2 Rb8 31. Qa5 Nb3 32. Qa4 Nc5 33. Qa5 Nb3 34. Qa4 Qf8 35. Qxa6 Bc5 36. Bxc5 Nxc5 37. Qc6 Qe7 38. Rd4 g6 39. Rc4 Nb3 40. Qxc7 Qxc7 41. Rxc7 Nd2 42. Kg2 Rb2 43. Bd3 g5 44. g4 h6 45. h3 Kf8 46. Rd7 Nb3 47. Rd8+ Kg7 48. Rc8 Nc1 49. Bf1 Rd2 50. c4 Nd3 51. Bxd3 Rxd3 1/2-1/2

[Event "Moscow Aeroflot op"]
[Site "Moscow"]
[Date "2002.02.09"]
[Round "7"]
[White "Moiseenko, Alexander"]
[Black "Tkachiev, Vladislav"]
[Result "1/2-1/2"]
[WhiteElo "2559"]
[BlackElo "2634"]
[PlyCount "24"]
[EventDate "2002.02.04"]
[Source "ChessBase"]
[SourceDate "2002.03.21"]

1. d4 Nf6 2. c4 e6 3. Nc3 Bb4 4. g3 c5 5. Nf3 cxd4 6. Nxd4 O-O 7. Bg2 d5 8. Qb3 Bxc3+ 9. Qxc3 e5 10. Nb3 dxc4 11. Qxc4 Be6 12. Qc2 Nc6 1/2-1/2

[Event "EU-ch 2nd"]
[Site "Ohrid"]
[Date "2001.06.10"]
[Round "9"]
[White "Moiseenko, Alexander"]
[Black "Zvjaginsev, Vadim"]
[Result "1/2-1/2"]
[WhiteElo "2561"]
[BlackElo "2627"]
[PlyCount "21"]
[EventDate "2001.06.01"]
[Source "ChessBase"]
[SourceDate "2001.09.13"]

1. d4 e6 2. c4 Nf6 3. Nc3 Bb4 4. g3 c5 5. Nf3 Ne4 6. Qd3 Qa5 7. Qxe4 Bxc3+ 8. Bd2 Bxd2+ 9. Nxd2 Nc6 10. dxc5 b6 11. Bg2 1/2-1/2

[Event "Zlatibor"]
[Site "?"]
[Date "2006.09.03"]
[Round "9"]
[White "Miladinovic Igor"]
[Black "Iordachescu Viorel"]
[Result "1/2-1/2"]
[WhiteElo "2584"]
[BlackElo "2603"]
[PlyCount "21"]
[EventDate "2006.??.??"]
[Source "www.chesslib.no"]
[SourceDate "2004.05.04"]

1. d4 Nf6 2. c4 e6 3. Nc3 Bb4 4. g3 O-O 5. Bg2 d5 6. cxd5 exd5 7. Nf3 c6 8. O-O Re8 9. Ne5 Nbd7 10. Nd3 Bd6 11. b4 1/2-1/2

[Event "Kavala op 8th"]
[Site "?"]
[Date "1998.08.18"]
[Round "8"]
[White "Miladinovic Igor"]
[Black "Graf Alexander"]
[Result "0-1"]
[WhiteElo "2555"]
[BlackElo "2625"]
[PlyCount "70"]
[EventDate "1998.??.??"]
[Source "www.chesslib.no"]
[SourceDate "2004.05.04"]

1. d4 Nf6 2. c4 e6 3. Nc3 Bb4 4. g3 O-O 5. Bg2 d5 6. cxd5 exd5 7. Nf3 c6 8. O-O Nbd7 9. Ne1 Re8 10. Nd3 Bxc3 11. bxc3 Ne4 12. Qc2 Nb6 13. f3 Nd6 14. e4 dxe4 15. fxe4 Nxe4 16. Nf4 Nd6 17. Nh5 Bg4 18. Bf3 Bxf3 19. Rxf3 Re1+ 20. Kf2 Qe7 21. Nxg7 Rxc1 22. Rxc1 Kxg7 23. Re1 Qd7 24. Qc1 h6 25. Re5 Nbc4 26. Rg5+ Kh7 27. Rh5 Qe6 28. Rf4 Re8 29. Rxh6+ Qxh6 30. Rh4 Qxh4 31. gxh4 Re3 32. Kg1 Nf5 33. Qf1 Ncd6 34. c4 Nxd4 35. Qf6 Nf3+ 0-1

[Event "Ch Bosnia & Herzegovina (team)"]
[Site "Vogosca (Bosnia & Herzegovina"]
[Date "2007.06.07"]
[Round "6"]
[White "Ivanisevic Ivan (SCG)"]
[Black "Perunovic Milos (SCG)"]
[Result "1/2-1/2"]
[WhiteElo "2614"]
[BlackElo "2562"]
[PlyCount "52"]
[EventDate "2007.??.??"]
[Source "www.chesslib.no"]
[SourceDate "2004.05.04"]

1. d4 Nf6 2. c4 e6 3. Nc3 Bb4 4. g3 c5 5. Nf3 Ne4 6. Qd3 Qa5 7. Qxe4 Bxc3+ 8. Bd2 Bxd2+ 9. Nxd2 Nc6 10. dxc5 b6 11. Bg2 Bb7 12. Qf4 bxc5 13. O-O Nd4 14. Qg5 Nxe2+ 15. Kh1 Bxg2+ 16. Kxg2 O-O 17. Nb3 Qb4 18. Qxc5 Qxc5 19. Nxc5 Rfc8 20. Nb3 Rxc4 21. Rfd1 Rc2 22. Rab1 e5 23. Rxd7 g6 24. Kf1 Nd4 25. Nxd4 exd4 26. Rxd4 Re8 1/2-1/2

[Event "35th World Open"]
[Site "King of Prussia USA"]
[Date "2007.06.03"]
[Round "6"]
[White "Perelshteyn, E."]
[Black "Izoria, Z."]
[Result "1-0"]
[WhiteElo "2531"]
[BlackElo "2641"]
[PlyCount "89"]
[EventDate "2007.06.30"]
[Source "www.chesslib.no"]
[SourceDate "2004.05.04"]

1. d4 Nf6 2. c4 e6 3. Nc3 Bb4 4. g3 O-O 5. Bg2 d5 6. Nf3 dxc4 7. O-O Nc6 8. a3 Be7 9. e3 Bd6 10. Qa4 e5 11. Qxc4 exd4 12. exd4 h6 13. b4 Ne7 14. d5 a6 15. Bb2 Bg4 16. Ne4 Nxe4 17. Qxe4 Bxf3 18. Qxf3 Ng6 19. Rfe1 Re8 20. Qc3 f6 21. Qc2 Nf8 22. Bh3 Re7 23. Bc3 Be5 24. Bxe5 fxe5 25. Rac1 Qd6 26. Qc5 Rd8 27. Bg2 Nh7 28. Qa7 Nf6 29. Qxb7 e4 30. Qc6 Qxd5 31. Qxd5+ Rxd5 32. Bf1 Rd6 33. Red1 Rxd1 34. Rxd1 e3 35. Bxa6 exf2+ 36. Kxf2 Ne4+ 37. Kf3 Nd6 38. Bd3 Re8 39. a4 Rb8 40. Rb1 Kf7 41. Ke3 Ke6 42. Kd4 Kd7 43. a5 c6 44. a6 Kc7 45. Re1 1-0

[Event "EU-ch 2nd"]
[Site "Ohrid"]
[Date "2001.06.03"]
[Round "3"]
[White "Miladinovic, Igor"]
[Black "Graf, Alexander"]
[Result "0-1"]
[WhiteElo "2519"]
[BlackElo "2649"]
[PlyCount "258"]
[EventDate "2001.06.01"]
[Source "ChessBase"]
[SourceDate "2001.09.13"]

1. d4 Nf6 2. c4 e6 3. Nc3 Bb4 4. g3 c5 5. Nf3 Nc6 6. Bg2 Ne4 7. Qd3 cxd4 8. Nxd4 Nxc3 9. bxc3 Ne5 10. Qc2 Be7 11. Qb3 O-O 12. Bf4 Qc7 13. Nf3 Bd6 14. Nxe5 Bxe5 15. Bxe5 Qxe5 16. Rd1 Rb8 17. Qa3 b5 18. cxb5 Rxb5 19. O-O Ra5 20. Qb2 Rc5 21. Rd4 Qc7 22. Rc1 Ba6 23. e4 h6 24. Qd2 Bb5 25. e5 Rxe5 26. a4 Bc6 27. Bxc6 dxc6 28. Rd7 Qa5 29. Qd4 a6 30. Qf4 Rc5 31. Rb1 Rf5 32. Qd6 Rc8 33. Rb4 Qd5 34. Rb8 Qxd6 35. Rxc8+ Qf8 36. Rxf8+ Kxf8 37. Kf1 g5 38. h3 h5 39. Ke2 Re5+ 40. Kf1 Kg7 41. Rb7 a5 42. Rb6 Rc5 43. Ra6 h4 44. gxh4 gxh4 45. c4 Kf6 46. Ke2 Ke5 47. Kd3 Kf4 48. Kd4 Re5 49. Rxc6 Re2 50. Ra6 Rd2+ 51. Kc3 Rxf2 52. Rxa5 Rf3+ 53. Kb4 Rxh3 54. Rh5 Rh1 55. a5 h3 56. a6 f5 57. c5 h2 58. c6 Kg4 59. Rh8 Rb1+ 60. Kc5 h1=Q 61. Rxh1 Rxh1 62. a7 Rh8 63. Kb6 f4 64. Kb7 f3 65. a8=Q Rxa8 66. Kxa8 f2 67. c7 f1=Q 68. c8=Q Qa1+ 69. Kb7 Qb2+ 70. Ka6 Qa3+ 71. Kb7 Qb3+ 72. Ka6 Kf5 73. Ka7 Kf4 74. Qf8+ Ke4 75. Qg8 Kd4 76. Qg4+ Ke5 77. Qg1 Kd6 78. Qd4+ Kc6 79. Qe4+ Qd5 80. Qa4+ Kd6 81. Kb8 e5 82. Qb4+ Qc5 83. Qh4 Qb6+ 84. Ka8 Qc6+ 85. Ka7 Qc5+ 86. Ka6 Qd4 87. Qf6+ Kc5 88. Qb6+ Kc4 89. Qb5+ Kc3 90. Qa5+ Kd3 91. Qa3+ Qc3 92. Qd6+ Kc2 93. Qe7 Qc4+ 94. Ka7 e4 95. Qh7 Qd4+ 96. Kb8 Kc3 97. Qc7+ Kb3 98. Qf7+ Kc2 99. Qf5 Kc3 100. Qc8+ Kd2 101. Qg4 Qd6+ 102. Ka8 e3 103. Qg5 Kd3 104. Qb5+ Kd4 105. Qb6+ Qc5 106. Qb2+ Ke4 107. Qb1+ Kf4 108. Qf1+ Ke5 109. Qe2 Qd5+ 110. Ka7 Kf4 111. Qh2+ Kg4 112. Qg1+ Kf4 113. Qh2+ Ke4 114. Qg2+ Kd4 115. Qb2+ Kd3 116. Qb1+ Ke2 117. Qc2+ Kf3 118. Qc3 Kf2 119. Qf6+ Qf3 120. Qd4 Qf5 12 . Qh4+ Kf3 122. Qh1+ Ke2 123. Qh2+ Qf2 124. Qh5+ Qf3 125. Qh2+ Kf1 126. Qc2 e2 127. Qc4 Kg2 128. Qg8+ Qg3 129. Qd5+ Kg1 0-1

[Event "Open"]
[Site "?"]
[Date "2002.04.14"]
[Round "5"]
[White "Moiseenko Alexander"]
[Black "Baklan Vladimir"]
[Result "1/2-1/2"]
[WhiteElo "2559"]
[BlackElo "2609"]
[PlyCount "22"]
[EventDate "2002.??.??"]
[Source "www.chesslib.no"]
[SourceDate "2004.05.04"]

1. d4 e6 2. c4 Nf6 3. Nc3 Bb4 4. g3 c5 5. Nf3 cxd4 6. Nxd4 O-O 7. Bg2 d5 8. Qb3 Bxc3+ 9. Qxc3 e5 10. Nb3 dxc4 11. Qxc4 Be6 1/2-1/2

[Event "otb"]
[Site "otb"]
[Date "2007.03.06"]
[Round "3"]
[White "Ivanisevic Ivan"]
[Black "Perunovic Milos"]
[Result "1/2-1/2"]
[WhiteElo "2602"]
[BlackElo "2547"]
[PlyCount "29"]
[Source "www.chesslib.no"]
[SourceDate "2004.05.04"]

1. d4 Nf6 2. c4 e6 3. Nc3 Bb4 4. g3 O-O 5. Bg2 d5 6. Nf3 dxc4 7. O-O Nc6 8. a3 Be7 9. e4 a6 10. Bf4 b5 11. Re1 Bb7 12. h3 Na5 13. Qe2 Nh5 14. Be3 Nf6 15. Bf4 1/2-1/2

[Event "It (young masters)"]
[Site "Hengelo (Netherlands)"]
[Date "2007.08.09"]
[Round "6"]
[White "Kuzubov Yuriy (UKR)"]
[Black "Lysyj Igor (RUS)"]
[Result "1/2-1/2"]
[WhiteElo "2568"]
[BlackElo "2578"]
[PlyCount "61"]
[EventDate "2007.??.??"]
[Source "www.chesslib.no"]
[SourceDate "2004.05.04"]

1. d4 e6 2. c4 Nf6 3. Nc3 Bb4 4. g3 c5 5. Nf3 Ne4 6. Qd3 Qa5 7. Qxe4 Bxc3+ 8. Bd2 Bxd2+ 9. Nxd2 Nc6 10. d5 Nd4 11. Bg2 Nb3 12. Rd1 Qxa2 13. dxe6 fxe6 14. Qe5 O-O 15. Qc3 Nxd2 16. Rxd2 Rb8 17. O-O b5 18. b3 Qa6 19. Qe5 Qb6 20. Rd6 Qd8 21. Rfd1 Qf6 22. Qxc5 bxc4 23. bxc4 Rb2 24. Bf3 a5 25. R6d4 Rxe2 26. Rf4 Re5 27. Rd5 Rxd5 28. cxd5 Qa1+ 29. Kg2 Rxf4 30. gxf4 Bb7 31. Qe7 1/2-1/2

[Event "40th Canadian Open"]
[Site "Kapuskasing"]
[Date "2003.07.19"]
[Round "9"]
[White "Moiseenko, Alexander"]
[Black "Arencibia, Walter"]
[Result "1-0"]
[WhiteElo "2618"]
[BlackElo "2522"]
[PlyCount "37"]
[EventDate "2003.07.12"]
[Source "Roberto Alvarez"]
[SourceDate "2003.07.21"]

1. d4 Nf6 2. c4 e6 3. Nc3 Bb4 4. g3 c5 5. Nf3 Nc6 6. Bg2 Ne4 7. Bd2 Bxc3 8. bxc3 O-O 9. O-O d6 10. Be3 Qe7 11. Qd3 f5 12. Rfd1 e5 13. dxe5 dxe5 14. Nh4 Ng5 15. Bxg5 Qxg5 16. Qd5+ Kh8 17. Qxc5 Re8 18. Bxc6 bxc6 19. Nf3 1-0

[Event "JUG-chT"]
[Site "Tivat"]
[Date "1995.??.??"]
[Round "8"]
[White "Miladinovic, Igor"]
[Black "Sakaev, Konstantin"]
[Result "1/2-1/2"]
[WhiteElo "2555"]
[BlackElo "2570"]
[PlyCount "30"]
[EventDate "1995.??.??"]
[Source "ChessBase"]

1. d4 Nf6 2. c4 e6 3. Nc3 Bb4 4. g3 O-O 5. Bg2 d6 6. Nf3 Bxc3+ 7. bxc3 Nc6 8. O-O e5 9. Ne1 Qe7 10. Nc2 Na5 11. Ne3 c5 12. Qa4 Qc7 13. dxe5 dxe5 14. Nd5 Nxd5 15. cxd5 Bd7 1/2-1/2

[Event "GRE-GER m"]
[Site "Corfu"]
[Date "1999.10.13"]
[Round "2"]
[White "Miladinovic, Igor"]
[Black "Huebner, Robert"]
[Result "1/2-1/2"]
[WhiteElo "2526"]
[BlackElo "2599"]
[PlyCount "44"]
[EventDate "1999.10.12"]
[Source "ChessBase"]
[SourceDate "2000.02.01"]

1. d4 Nf6 2. c4 e6 3. Nc3 Bb4 4. g3 O-O 5. Bg2 d5 6. cxd5 exd5 7. Nf3 c6 8. O-O Re8 9. Qb3 Na6 10. Ne5 Qb6 11. Be3 Bd6 12. Qc2 Ng4 13. Nxg4 Bxg4 14. a3 Nc7 15. Na4 Qb5 16. Rfe1 a5 17. Bf1 Qa6 18. Rac1 Bh5 19. Qb3 Qb5 20. Qd1 Qa6 21. Qb3 Qb5 22. Qd1 Qa6 1/2-1/2

[Event "Ch (Men) Pancevo SCG"]
[Site "?"]
[Date "2006.03.08"]
[Round "9"]
[White "Miladinovic Igor"]
[Black "Perunovic Milos"]
[Result "1-0"]
[WhiteElo "2607"]
[BlackElo "2508"]
[PlyCount "91"]
[EventDate "2006.??.??"]
[Source "www.chesslib.no"]
[SourceDate "2004.05.04"]

1. d4 Nf6 2. c4 e6 3. Nc3 Bb4 4. g3 c5 5. Nf3 Nc6 6. d5 Bxc3+ 7. bxc3 Na5 8. Nd2 b6 9. Bg2 e5 10. e4 Ba6 11. Bf1 O-O 12. Bd3 Ne8 13. Qe2 Nd6 14. f3 Qe7 15. O-O Rae8 16. Bb2 Qd8 17. Rae1 Kh8 18. Bc1 Qb8 19. a4 Qd8 20. Rf2 Re7 21. Qf1 Qc8 22. f4 f6 23. f5 Kg8 24. Be2 Kf7 25. Bh5+ Kg8 26. Qh3 Naxc4 27. Bg6 h6 28. Nxc4 Bxc4 29. g4 Nxe4 30. Rxe4 Bxd5 31. Re1 Bb7 32. c4 Qc6 33. Ra2 Rd8 34. g5 d5 35. gxf6 Qxf6 36. Rg2 Red7 37. Bh5 dxc4 38. Rg6 Qf8 39. f6 Kh8 40. Rf1 Qg8 41. f7 Qf8 42. Bxh6 gxh6 43. Bg4 Rd6 44. Be6 Rxe6 45. Qxe6 Kh7 46. Rg8 1-0

[Event "FRA-chT 9900"]
[Site "France"]
[Date "2000.04.29"]
[Round "9.1"]
[White "Vaisser, Anatoli"]
[Black "Sokolov, Andrei"]
[Result "1/2-1/2"]
[WhiteElo "2549"]
[BlackElo "2565"]
[PlyCount "24"]
[EventDate "2000.02.04"]
[Source "www.chesslib.no"]
[SourceDate "2004.05.04"]

1. d4 Nf6 2. c4 e6 3. Nc3 Bb4 4. g3 O-O 5. Bg2 d5 6. Nf3 dxc4 7. O-O Nc6 8. e3 Rb8 9. Qe2 b5 10. a4 a6 11. axb5 axb5 12. Rd1 Be7 1/2-1/2

[Event "Noyabrsk Fakel Jamala"]
[Site "Noyabrsk"]
[Date "2003.11.21"]
[Round "4"]
[White "Potapov, Alexander1"]
[Black "Baklan, Vladimir"]
[Result "1/2-1/2"]
[WhiteElo "2513"]
[BlackElo "2600"]
[PlyCount "27"]
[EventDate "2003.11.18"]
[Source "ChessBase"]
[SourceDate "2004.03.30"]

1. d4 Nf6 2. c4 e6 3. Nc3 Bb4 4. g3 c5 5. Nf3 O-O 6. Bg2 d5 7. cxd5 Nxd5 8. Bd2 cxd4 9. Nxd5 Bxd2+ 10. Qxd2 Qxd5 11. Qxd4 Qa5+ 12. Qd2 Qb6 13. O-O Nc6 14. Qc3 1/2-1/2

[Event "Mondorf"]
[Site "Mondorf"]
[Date "1991.??.??"]
[Round "?"]
[White "Van Wely, Loek"]
[Black "Gurevich, Mikhail N"]
[Result "1-0"]
[WhiteElo "2460"]
[BlackElo "2650"]
[PlyCount "37"]
[EventDate "1991.??.??"]
[Source "www.chesslib.no"]
[SourceDate "2004.05.04"]

1. d4 Nf6 2. c4 e6 3. Nc3 Bb4 4. g3 c5 5. Nf3 cxd4 6. Nxd4 O-O 7. Bg2 d5 8. O-O dxc4 9. Qa4 Qb6 10. Ndb5 Na6 11. a3 Be7 12. Qxc4 Bd7 13. Be3 Bc5 14. Bxc5 Nxc5 15. Rad1 a6 16. Nd6 Rad8 17. Qd4 Bc6 18. Nc4 Qb3 19. Bxc6 1-0

[Event "Yerevan"]
[Site "Erevan ARM"]
[Date "1976.??.??"]
[Round "?"]
[White "Romanishin, Oleg M"]
[Black "Savon, Vladimir A"]
[Result "1-0"]
[WhiteElo "2560"]
[BlackElo "2545"]
[PlyCount "67"]
[EventDate "1976.??.??"]
[Source "www.chesslib.no"]
[SourceDate "2004.05.04"]

1. d4 Nf6 2. c4 e6 3. Nc3 Bb4 4. g3 O-O 5. Bg2 d5 6. Nf3 dxc4 7. O-O Nc6 8. Re1 Rb8 9. a3 Bxc3 10. bxc3 Na5 11. Rb1 b6 12. e4 Bb7 13. Bg5 h6 14. Bh4 Qe8 15. Bxf6 gxf6 16. Nd2 Kh7 17. Bf1 b5 18. Qf3 f5 19. Qf4 Nb3 20. Nxb3 cxb3 21. Bd3 fxe4 22. Bxe4+ Bxe4 23. Rxe4 Qe7 24. Re5 Rg8 25. Rc5 c6 26. Rxb3 Rbc8 27. Qe4+ Rg6 28. Rxc6 Rxc6 29. Qxc6 e5 30. Qxb5 Rb6 31. Qc4 exd4 32. Rxb6 axb6 33. cxd4 Qe1+ 34. Kg2 1-0

[Event "56th ch-RUS"]
[Site "Krasnoyarsk"]
[Date "2003.09.11"]
[Round "8"]
[White "Fominyh, Alexander"]
[Black "Popov, Valerij"]
[Result "0-1"]
[WhiteElo "2520"]
[BlackElo "2573"]
[PlyCount "64"]
[EventDate "2003.09.03"]
[Source "Roberto Alvarez"]
[SourceDate "2003.09.15"]

1. c4 Nf6 2. Nc3 e6 3. d4 Bb4 4. g3 d5 5. Bg2 O-O 6. Nf3 dxc4 7. O-O Nc6 8. Qa4 Nd5 9. Qc2 Be7 10. Rd1 Ndb4 11. Qb1 Rb8 12. Ne5 Na5 13. e4 f6 14. Nf3 b5 15. Be3 a6 16. Ne1 Nbc6 17. f4 Qe8 18. e5 Bb7 19. d5 exd5 20. Bxd5+ Kh8 21. e6 f5 22. Ng2 Qg6 23. Bf2 Nb4 24. Bxb7 Nxb7 25. Nd5 Nxd5 26. Rxd5 Qxe6 27. Re5 Qd7 28. Ne3 Nd6 29. Nd5 Bf6 30. Nxf6 gxf6 31. Rd5 Qe6 32. Rc5 Ne4 0-1

[Event "New York op"]
[Site "New York"]
[Date "1995.??.??"]
[Round "5"]
[White "Bezold, Michael"]
[Black "Hracek, Zbynek"]
[Result "0-1"]
[WhiteElo "2495"]
[BlackElo "2595"]
[PlyCount "120"]
[EventDate "1995.??.??"]
[Source "ChessBase"]

1. d4 Nf6 2. c4 e6 3. Nc3 Bb4 4. g3 d5 5. Bg2 O-O 6. Nf3 dxc4 7. O-O Nc6 8. e3 Rb8 9. Qc2 b5 10. a3 Bd6 11. e4 e5 12. dxe5 Nxe5 13. Nxe5 Bxe5 14. Be3 a5 15. Ba7 Rb7 16. Bc5 Bd6 17. Rad1 Qe7 18. Bd4 Be5 19. Bxe5 Qxe5 20. h3 b4 21. Nd5 c3 22. axb4 axb4 23. bxc3 b3 24. Qb2 Nxd5 25. Rxd5 Qe7 26. Ra5 c5 27. e5 Rb8 28. c4 Be6 29. Rc1 Rb4 30. Bd5 Bxh3 31. Rca1 Be6 32. Ra7 Qg5 33. Bxe6 fxe6 34. Rc7 Rxc4 35. Qxb3 Qxe5 36. Qxc4 Qxc7 37. Qxe6+ Qf7 38. Qe3 Rc8 39. Ra5 c4 40. Ra7 Qf6 41. Re7 h6 42. Re8+ Rxe8 43. Qxe8+ Qf8 44. Qc6 Qf7 45. Kg2 h5 46. Qa8+ Kh7 47. Qe4+ g6 48. Qc6 Kh6 49. Kf1 h4 50. Kg2 hxg3 51. Kxg3 Kh7 52. f4 Kg7 53. Qc5 Qe6 54. Kf3 Kf7 55. Qc7+ Ke8 56. Qc5 Kd7 57. Kg3 Qe4 58. Qa7+ Kd6 59. Qb8+ Kc5 60. Qc8+ Kb4 0-1

[Event "Moscow"]
[Site "Moscow"]
[Date "1986.??.??"]
[Round "?"]
[White "Romanishin, Oleg M"]
[Black "Lerner, Konstantin Z"]
[Result "0-1"]
[WhiteElo "2560"]
[BlackElo "2530"]
[PlyCount "110"]
[EventDate "1986.03.??"]
[Source "ChessBase"]

1. d4 Nf6 2. c4 e6 3. Nc3 Bb4 4. g3 c5 5. Nf3 b6 6. Bg2 Bb7 7. dxc5 Ne4 8. Bd2 Nxc3 9. Bxc3 Bxc3+ 10. bxc3 bxc5 11. O-O Qc7 12. Qd3 Nc6 13. Rab1 Rd8 14. Ng5 Ba6 15. Qe3 Na5 16. Ne4 d6 17. Qg5 O-O 18. Nf6+ Kh8 19. Qh4 h6 20. Ng4 Kh7 21. Ne3 f5 22. Rfd1 Qf7 23. g4 g5 24. Qh3 f4 25. Be4+ Kg7 26. Ng2 Bxc4 27. Bd3 Bd5 28. c4 Ba8 29. Ne1 e5 30. Rbc1 e4 31. Bxe4 Bxe4 32. Qc3+ Kg8 33. Qxa5 f3 34. exf3 Bxf3 35. Rd2 Rde8 36. Qc3 Qe6 37. h3 Qxe1+ 38. Rxe1 Rxe1+ 39. Kh2 Bc6 40. Rd5 Rxf2+ 41. Kg3 Ref1 42. Qa5 Rf3+ 43. Kg2 R1f2+ 44. Kg1 Rf1+ 45. Kg2 R3f2+ 46. Kg3 Bxd5 47. cxd5 Rf7 48. Qd8+ Kh7 49. Kg2 Rd1 50. Qe8 Rd2+ 51. Kg1 Rb7 52. Qe4+ Kg7 53. h4 c4 54. h5 Rd1+ 55. Kg2 Rb2+ 0-1

[Event "Kavala op 7th"]
[Site "?"]
[Date "1997.??.??"]
[Round "7"]
[White "Miladinovic Igor"]
[Black "Graf Alexander"]
[Result "1/2-1/2"]
[WhiteElo "2500"]
[BlackElo "2585"]
[PlyCount "33"]
[EventDate "1997.??.??"]
[Source "www.chesslib.no"]
[SourceDate "2004.05.04"]

1. d4 Nf6 2. c4 e6 3. Nc3 Bb4 4. g3 c5 5. Nf3 b6 6. Bg2 Bb7 7. O-O cxd4 8. Qxd4 Nc6 9. Qd3 O-O 10. Rd1 Rc8 11. b3 d5 12. cxd5 Ne5 13. Nxe5 Bxc3 14. Nc6 Bxc6 15. Qxc3 Nxd5 16. Qe5 Qe8 17. e4 1/2-1/2

[Event "TCh-AUT 1st Bundesliga 2007-8"]
[Site "Graz AUT"]
[Date "2008.03.15"]
[Round "10"]
[White "Rotstein, A."]
[Black "Cvek, R."]
[Result "1/2-1/2"]
[WhiteElo "2548"]
[BlackElo "2532"]
[PlyCount "97"]
[EventDate "2008.03.14"]
[Source "www.chesslib.no"]
[SourceDate "2004.05.04"]

1. d4 Nf6 2. c4 e6 3. Nc3 Bb4 4. g3 O-O 5. Bg2 d6 6. Nf3 Nc6 7. O-O Bxc3 8. bxc3 Na5 9. c5 b6 10. Nd2 Bb7 11. Bxb7 Nxb7 12. e4 Na5 13. cxd6 cxd6 14. e5 dxe5 15. dxe5 Nd5 16. c4 Ne7 17. Ba3 Re8 18. Qe2 Nf5 19. Rac1 Nc6 20. Rfd1 Qc7 21. Nf3 Red8 22. Qe4 h5 23. h3 Rxd1+ 24. Rxd1 Rd8 25. Rxd8+ Nxd8 26. g4 Ne7 27. Bxe7 Qxe7 28. gxh5 f5 29. exf6 Qxf6 30. Kg2 Nf7 31. h4 Qf5 32. Qxf5 exf5 33. Kg3 Nd6 34. Ne5 Kh7 35. Kf4 Kh6 36. Nc6 Kxh5 37. c5 bxc5 38. Nxa7 Kxh4 39. Nc6 c4 40. Ke5 c3 41. Nb4 Nc4+ 42. Kd4 Nb6 43. Kxc3 Kg4 44. Nd3 Kf3 45. Kd2 g5 46. Ke1 g4 47. Ne5+ Ke4 48. Nf7 f4 49. Ng5+ 1/2-1/2

[Event "Moscow-A"]
[Site "Moscow RUS"]
[Date "1987.??.??"]
[Round "?"]
[White "Romanishin, Oleg M"]
[Black "Razuvaev, Yuri S"]
[Result "1/2-1/2"]
[WhiteElo "2570"]
[BlackElo "2510"]
[PlyCount "62"]
[EventDate "1987.06.??"]
[Source "www.chesslib.no"]
[SourceDate "2004.05.04"]

1. d4 Nf6 2. c4 e6 3. Nc3 Bb4 4. g3 O-O 5. Bg2 Bxc3+ 6. bxc3 d6 7. Nf3 Nbd7 8. O-O Rb8 9. Qa4 a6 10. Re1 Re8 11. e4 e5 12. c5 b5 13. Qa3 Bb7 14. cxd6 cxd6 15. Nh4 exd4 16. Qxd6 Bxe4 17. Bxe4 Nxe4 18. Qxd4 Ndf6 19. Bf4 Rc8 20. Be5 Nxc3 21. Qxd8 Rexd8 22. Nf5 Rc5 23. Nd6 Rc6 24. Nf5 Kf8 25. Kg2 Ne8 26. Rac1 b4 27. a3 f6 28. Bd4 a5 29. Ne7 Rc4 30. Bb6 Rd3 31. Bxa5 b3 1/2-1/2

[Event "Riga"]
[Site "Riga"]
[Date "1981.??.??"]
[Round "10"]
[White "Romanishin, Oleg M"]
[Black "Ambroz, Jan"]
[Result "1-0"]
[WhiteElo "2590"]
[BlackElo "2485"]
[PlyCount "141"]
[EventDate "1981.08.??"]
[Source "ChessBase"]

1. d4 e6 2. c4 Nf6 3. Nc3 Bb4 4. g3 Nc6 5. Bg2 O-O 6. Nf3 Bxc3+ 7. bxc3 Rb8 8. O-O d6 9. Qc2 b6 10. e4 e5 11. c5 bxc5 12. dxe5 dxe5 13. Ba3 Qe7 14. Rfd1 Rb6 15. Nd2 Be6 16. Qa4 Nb8 17. Qxa7 Nfd7 18. Bf1 f5 19. Qxc7 f4 20. Rab1 Rc6 21. Qb7 fxg3 22. fxg3 Qf6 23. Bg2 Qf2+ 24. Kh1 Rd6 25. Rf1 Qxd2 26. Rxf8+ Nxf8 27. Qxb8 Rd8 28. Qb6 Bxa2 29. Rg1 Ne6 30. Bxc5 h6 31. Bh3 Ng5 32. Be3 Qd3 33. Bxg5 hxg5 34. Qg6 Qf3+ 35. Bg2 Qd3 36. Qf5 Qxc3 37. Qxg5 Rf8 38. Qc1 Qb4 39. Qa1 Qa5 40. Rf1 Rb8 41. h4 Ra8 42. Qc1 Qb6 43. Qg5 Qd6 44. Ra1 Qd4 45. Rc1 Bf7 46. h5 Qd6 47. Kh2 Re8 48. Bf3 Qb6 49. Bg4 Qf2+ 50. Kh3 Qb6 51. Kh4 Qd6 52. Rd1 Qc6 53. Bf5 Qb6 54. Rf1 Bc4 55. Rc1 Bf7 56. Bd7 Rf8 57. Bf5 Qd6 58. Bg4 Re8 59. Rf1 Qh6 60. Qxh6 gxh6 61. Rc1 Kg7 62. Rc7 Kf6 63. Rc6+ Kg7 64. Bf5 Rb8 65. Bg6 Bg8 66. Kg4 Rf8 67. Bf5 Bf7 68. Be6 Be8 69. Rc7+ Kf6 70. Bd5 Rh8 71. Kh4 1-0

[Event "Yerevan ol (Men)"]
[Site "Yerevan"]
[Date "1996.??.??"]
[Round "10"]
[White "Miladinovic, Igor"]
[Black "Zarnicki, Pablo"]
[Result "1/2-1/2"]
[WhiteElo "2535"]
[BlackElo "2540"]
[PlyCount "39"]
[EventDate "1996.09.??"]
[Source "www.chesslib.no"]
[SourceDate "2004.05.04"]

1. d4 e6 2. c4 Nf6 3. Nc3 Bb4 4. g3 c5 5. Nf3 cxd4 6. Nxd4 Ne4 7. Qd3 Qa5 8. Nb3 Nxc3 9. Bd2 Ne4 10. Qxe4 Bxd2+ 11. Nxd2 O-O 12. Bg2 Nc6 13. Qe3 d5 14. O-O d4 15. Qd3 e5 16. Nb3 Qc7 17. f4 g6 18. fxe5 Bf5 19. Qd2 Rad8 20. Rxf5 1/2-1/2

[Event "RUS-ch 54th"]
[Site "Elista"]
[Date "2001.04.30"]
[Round "1"]
[White "Potapov, Alexander"]
[Black "Pigusov, Evgeny"]
[Result "0-1"]
[WhiteElo "2490"]
[BlackElo "2584"]
[PlyCount "110"]
[EventDate "2001.04.29"]
[Source "ChessBase"]
[SourceDate "2001.07.05"]

1. d4 Nf6 2. c4 e6 3. Nc3 Bb4 4. g3 c5 5. Nf3 cxd4 6. Nxd4 Ne4 7. Qd3 Bxc3+ 8. bxc3 Nc5 9. Qe3 b6 10. Bg2 Bb7 11. Bxb7 Nxb7 12. Qe4 Nc6 13. Nxc6 dxc6 14. Qxc6+ Qd7 15. Qxd7+ Kxd7 16. Ba3 Rhc8 17. O-O-O+ Ke8 18. Rd4 Rc7 19. Rhd1 Rac8 20. Kc2 Na5 21. c5 b5 22. Bb4 Nb7 23. a4 bxa4 24. c6 Rxc6 25. Rd7 R8c7 26. Rxc7 Rxc7 27. Rd4 Rc6 28. Ba3 Ra6 29. Kd3 Nd8 30. f4 h5 31. Rb4 Kd7 32. Rb5 g6 33. c4 Rb6 34. Bc5 Rxb5 35. cxb5 Nb7 36. Bxa7 Nd6 37. Bd4 Nxb5 38. Be5 Kc6 39. Kc4 a3 40. Kb4 a2 41. Kc4 Nd6+ 42. Kb3 Kd5 43. Kxa2 Nf5 44. Kb3 Ne3 45. Kc3 Ke4 46. Bd4 h4 47. Ba7 h3 48. Bc5 f6 49. Bd4 g5 50. fxg5 fxg5 51. Ba7 Nf1 52. Bg1 Nxh2 53. Bxh2 Ke3 54. g4 Kxe2 55. Kd4 Kf3 0-1